Skalné zrútenie pri Podbieli a návrh na jeho sanáciu

Bibliographic Details
Main Author: Slivovský, Milan, 1935- (Author)
Format: Article
Language:Slovak
Subjects:

MARC

LEADER 00000nab a2200000 a 4500
001 vtls008944569
003 SK-MaSNL
005 20260305012109.0
008 250505 1976 xo | 000 0 slo
015 |a SNBRB1977 
035 |a urn:nbn:sk:snk-ab80xm 
035 |a (urnnbn)urn:nbn:sk:snk:ar-005l8k 
035 |a (uuid)97e557f5-1a87-4e5a-83f3-063f069cfc7f 
040 |a SNKBUCL  |b slo  |c SNKBUCL  |e AACR2 
041 0 |a slo 
044 |a xo  |c SK 
080 |a 550.348.435  |x (437.6)  |2 2001 
100 1 |a Slivovský, Milan,  |d 1935-  |4 aut  |9 39398 
245 1 0 |a Skalné zrútenie pri Podbieli a návrh na jeho sanáciu  |c Milan Slivovský 
650 0 7 |a skalné zrútenia  |2 snkbucl  |9 1237588 
651 7 |a Pamiatková rezervácia ľudovej architektúry Bobrova Raľa (Podbiel, Slovensko)  |2 snkbucl  |9 74707 
773 0 |t Mineralia slovaca  |g Roč. 8, č. 6 (1976), s. 556. 
850 |a Slovenská národná knižnica 
852 |a Slovenská národná knižnica 
954 |a odborná, vedecká literatúra pôvodná (slovenská)  |2 lita 
958 |a article9 
958 |a OND 
958 |a EUIPO 
999 |c 3255921  |d 3257851